[Event "Sautron op 18th"]
[Site "Sautron "]
[Date "2018.10.20"]
[Round "4.20"]
[White "Le Pen, Steven"]
[Black "Arendo, Marc"]
[Result "1-0"]
[WhiteElo "2110"]
[BlackElo "1834"]
[PlyCount "33"]
[EventDate "2018.10.20"]
[EventType "swiss"]
[EventRounds "9"]
[EventCountry "FRA"]
[SourceTitle "EXT 2021"]
[Source "ChessBase"]
[SourceDate "2020.10.23"]
[SourceVersion "1"]
[SourceVersionDate "2020.10.23"]
[SourceQuality "1"]

1. e4 c6 2. c4 d5 3. cxd5 cxd5 4. exd5 Qxd5 5. Nc3 Qe5+ 6. Be2 Bd7 7. Nf3 Qc7 8. d4 e6 9. 0-0 Bd6 10. Nb5 Bxb5 11. Bxb5+ Nd7 12. Bg5 Ne7 13. Bxe7 Kxe7 14. Re1 Rhc8 15. d5 e5 16. Qa4 f6 17. Qg4 1-0